Save the City : (Record no. 95631)
[ view plain ]
| 000 -LEADER | |
|---|---|
| fixed length control field | 00843nam a2200241Ii 4500 |
| 008 - FIXED-LENGTH DATA ELEMENTS--GENERAL INFORMATION | |
| fixed length control field | |
| 090 00 - LOCALLY ASSIGNED LC-TYPE CALL NUMBER (OCLC); LOCAL CALL NUMBER (RLIN) | |
| Classification number (OCLC) (R) ; Classification number, CALL (RLIN) (NR) | NA109.G7 |
| 003 - CONTROL NUMBER IDENTIFIER | |
| control field | |
| 005 - DATE AND TIME OF LATEST TRANSACTION | |
| control field | 20230120131030.0 |
| 040 ## - CATALOGING SOURCE | |
| Transcribing agency | NUST |
| 049 ## - LOCAL HOLDINGS (OCLC) | |
| Holding library | MAIN |
| 245 00 - TITLE STATEMENT | |
| Title | Save the City : |
| Remainder of title | a conservation study of the City of London / |
| Statement of responsibility, etc. | prepared by David Lloyd, Jennifer Freeman, Jane Fawcett. |
| 260 ## - PUBLICATION, DISTRIBUTION, ETC. | |
| Place of publication, distribution, etc. | [London] : |
| Name of publisher, distributor, etc. | Society for the Protection of Ancient Buildings, |
| Date of publication, distribution, etc. | c1976. |
| 300 ## - PHYSICAL DESCRIPTION | |
| Extent | xiv, 191 p. : |
| Other physical details | ill., maps ; |
| Dimensions | 30 cm. |
| 500 ## - GENERAL NOTE | |
| General note | Includes index. |
| 650 #0 - SUBJECT ADDED ENTRY--TOPICAL TERM | |
| Topical term or geographic name entry element | Architecture |
| Geographic subdivision | England |
| -- | London |
| General subdivision | Conservation and restoration. |
| 650 #0 - SUBJECT ADDED ENTRY--TOPICAL TERM | |
| Topical term or geographic name entry element | Civic improvement |
| Geographic subdivision | England |
| -- | London. |
| 700 10 - ADDED ENTRY--PERSONAL NAME | |
| Personal name | Lloyd, David Wharton. |
| 700 10 - ADDED ENTRY--PERSONAL NAME | |
| Personal name | Freeman, Jennifer. |
| 700 10 - ADDED ENTRY--PERSONAL NAME | |
| Personal name | Fawcett, Jane. |
| 907 ## - LOCAL DATA ELEMENT G, LDG (RLIN) | |
| a | .b10191689 |
| b | 24-01-07 |
| c | 10-02-06 |
| 942 ## - ADDED ENTRY ELEMENTS (KOHA) | |
| Koha item type | Ordinary Loan Books |
| Call number prefix | NA109.G7 |
| Date last seen | Total Checkouts | Full call number | Barcode | Cost, replacement price | Price effective from | Koha item type | Lost status | Source of classification or shelving scheme | Damaged status | Not for loan | Collection | Withdrawn status | Home library | Current library | Shelving location | Date acquired | Cost, normal purchase price |
|---|---|---|---|---|---|---|---|---|---|---|---|---|---|---|---|---|---|
| 01/20/2023 | SB470 BAR | 92004003096 | 80.00 | 01/20/2023 | BOOKS | LCC | NFIC | FOBE | FOBE | GEN | 01/20/2023 | 80.00 |